000 00499nam a22001577a 4500
005 20250513163027.0
008 250513b |||||||| |||| 00| 0 eng d
040 _cDO
245 _aWolf to woof
250 _aJanuary 2002 Vol. 201 No. 1
490 _aNational Geographic
520 _aWolf to Woof, A Love Story, The New Europe, China's Unknown Gobi, In Focus: World of Islam, Hotspots: India's Western Ghats, U.S.S Enterprise
650 _xWOLF AND DOGS
650 _xALASHAN
942 _2ddc
_cCR
999 _c5512
_d5512